00626nmm a2200193Ia 4500008004100000020001800041041000800059100002700067245007400094264005800168300001800226490002200244650002300266700002700289700004100316856005100357942000700408999001700415251105s9999||||xx |||||||||||||||||und|| a9788484898726 aspa aArmas, Frederick A. de 0aNuevas sonoras aves :b Catorce estudios sobre Calderón de la Barca a[Madrid, España] :bIberoamericana Vervuert, c2015 a282 páginas a--Sin Colección aSpanish literature aArmas, Frederick A. de1 a Sánchez Jiménez, Antonio (eds.) uhttps://public.digitaliapublishing.com/a/56930 cCF c62123d62123